Statistical summaries of streamflow in Oklahoma through 1999 /

Bibliographic Details
Main Author: Tortorelli, Robert L.
Corporate Authors: Oklahoma. Department of Environmental Quality, Geological Survey (U.S.)
Format: Government Document Book
Language:English
Published: Oklahoma City, OK : Denver, CO : U.S. Dept of the Interior, U.S. Geological Survey ; USGS Information Servicesrep. [date of publication not identified]
Series:Water-resources investigations report ; 02-4025.
Subjects:
Online Access:https://purl.fdlp.gov/GPO/LPS22657

MARC

Tag First Indicator Second Indicator Subfields
LEADER 00000cam a2200000 a 4500
001 in00001689821
005 20211202194835.0
008 020603s2002 okub bs f000 0 eng
010 |a  2002410762 
035 |a (OCoLC)ocm49724091 
040 |a DLC  |c DLC  |d EMB  |d OSU  |d MIA  |d AGL  |d GPO  |d MvI  |d UtOrBLW 
042 |a pcc 
043 |a n-us-ok 
049 |a UDOC  |a WWW 
050 0 0 |a GB701  |b .W375 no. 02-4025 
070 0 |a GB701  |b .W375 no. 2002-4025 
072 0 |a P200 
074 |a 0624-B 
074 |a 0624-B (online) 
082 0 0 |a 553.7/0973 s  |a 551.48/3/09766  |2 21 
086 0 |a I 19.42/4:02-4025 
100 1 |a Tortorelli, Robert L. 
245 1 0 |a Statistical summaries of streamflow in Oklahoma through 1999 /  |c by Robert L. Tortorelli ; prepared in cooperation with the Oklahoma Department of Environmental Quality. 
264 1 |a Oklahoma City, OK :  |b U.S. Dept of the Interior, U.S. Geological Survey ;  |a Denver, CO :  |b USGS Information Servicesrep.  |c [date of publication not identified] 
300 |a ii, 510 pages :  |b map ;  |c 28 cm. 
336 |a text  |b txt  |2 rdacontent 
337 |a unmediated  |b n  |2 rdamedia 
338 |a volume  |b nc  |2 rdacarrier 
490 1 |a Water-resources investigations report ;  |v 02-4025 
500 |a Shipping list number: 2002-0193-P. 
500 |a Shipping List Date: 05/29/2002 
504 |a Includes bibliographical references (page 17). 
530 |a Also available via Internet from the USGS web site. Address as of 9/28/02: http://water.usgs.gov/pubs/wri/wri024025; current access is available via PURL. 
650 0 |a Streamflow  |z Oklahoma  |v Statistics. 
710 1 |a Oklahoma.  |b Department of Environmental Quality. 
710 2 |a Geological Survey (U.S.) 
830 0 |a Water-resources investigations report ;  |v 02-4025. 
856 4 1 |u https://purl.fdlp.gov/GPO/LPS22657  |t 0 
999 |a MARS 
999 f f |s 5c25b23f-d18a-35cb-83fb-47bbe0837742  |i cede3053-d135-3020-abd4-b97c39c850bb  |t 0 
952 f f |p normal  |a Texas A&M University  |b College Station  |c Sterling C. Evans Library  |d Evans: US Documents (Annex 5th floor)  |t 0  |e I 19.42/4:02-4025  |h Superintendent of Documents classification  |i unmediated -- volume  |m A14829091619 
952 f f |a Texas A&M University  |b College Station  |c Electronic Resources  |d Available Online  |t 0  |e I 19.42/4:02-4025  |h Superintendent of Documents classification 
998 f f |a I 19.42/4:02-4025  |t 0  |l Available Online 
998 f f |a I 19.42/4:02-4025  |t 0  |l Evans: US Documents (Annex 5th floor)